000 00215 a2200097 4500
001 15180
100 _aRussell R.S
245 _aImperial preference
260 _aLondon
_bEmpire eco union
_c
090 _c11921
_d11921
942 _aNUST-CAE
_cM
_c2138
999 _c250253
_d250253